Antisemitisme i resistències catòliques a la democratització espanyola en els anys del Concili Vaticà II / Alfonso Botti ; [traducció de Lluís Gonzàlez]
ISBN:
84-95417-62-6
Descripción Física:
73 p. ; 20 cm
Colección:
Textos d'història i cultura ; 2
Otros Autores:
Gonzàlez, Lluís
MARC
| LEADER | 00000nam a2200000Ia 4500 | ||
|---|---|---|---|
| 001 | 18609 | ||
| 008 | 160829s2006 xx 000 0 cat d | ||
| 020 | |a 84-95417-62-6 | ||
| 080 | |a H-3-11 | ||
| 100 | |a Botti, Alfonso |9 42553 | ||
| 245 | |a Antisemitisme i resistències catòliques a la democratització espanyola en els anys del Concili Vaticà II / Alfonso Botti ; [traducció de Lluís Gonzàlez] | ||
| 260 | |a Barcelona : |b Fundació Carles Pi i Sunyer d'Estudis Autonòmics i Locals, |c 2006 | ||
| 300 | |a 73 p. ; |c 20 cm | ||
| 490 | |a Textos d'història i cultura ; 2 | ||
| 650 | |a Nacionalcatolicisme |9 42554 | ||
| 650 | |a Antisemitisme |x Espanya |9 42555 | ||
| 700 | 1 | |a Gonzàlez, Lluís |9 43816 | |
| 710 | 1 | |a Fundació Carles Pi i Sunyer d'Estudis Autonòmics i Locals |9 52753 | |
| 901 | |a Arxiu | ||
| 942 | |n 1 | ||
| 952 | |0 0 |1 0 |4 0 |6 H311 |7 1 |9 50900 |a Arxiu |b Arxiu |d 2016-12-01 |l 0 |o H-3-11 |p 18609 |r 2016-12-01 00:00:00 |w 2016-12-01 |y ARXIU | ||
| 999 | |c 54742 |d 54742 | ||